| 000 | 00546nam a2200193Ia 4500 | ||
|---|---|---|---|
| 003 | LDD | ||
| 008 | 181029s9999 xx 000 0 und d | ||
| 020 |
_a9780415975056 _cP 80.00 |
||
| 040 | _cLDD | ||
| 100 | _aShoemaker, Pamela J. | ||
| 245 | 0 |
_aNews around the world _cPamela J. Shoemaker |
|
| 260 |
_aNew York _bRoutledge _c2006 |
||
| 300 | _ax, 409p. | ||
| 365 | _bP 80.00 | ||
| 901 |
_a7555 _b09-09-2011 |
||
| 902 |
_a6912 _b16-09-2011 _cF _dSELECT _eFTF |
||
| 903 |
_aDiscount-15 _bReqst by : K.S. Arul Selvan |
||
| 942 |
_2ddc _cBK |
||
| 999 |
_c97584 _d97584 |
||